Jersey Shore Nicknames Quiz Stats

 Plays Quiz Updated May 7, 2012

Challenge
Share
Tweet
Embed
Score 0/8 Timer 02:00
1 Play Today
Full Name Nick Name % Correct
Nicole PolizziSnooki
98.7%
Michael SorrentinoThe Situation
96.6%
Paul DelVecchioDJ Pauly D
92.1%
Vincent GuadagninoVinny
89.2%
Ronald Ortiz-MagroRonnie
86.3%
Jenni FarleyJWoww
82.8%
Sammi GiancolaSweetheart
73.2%
Angelina PivarnickJolie
21.5%

You're not logged in!

Compare scores with friends on all Sporcle quizzes.
Join for Free
OR
Log In

You Might Also Like...

Show Comments

Extras

Top Quizzes Today


Score Distribution

Your Account Isn't Verified!

In order to create a playlist on Sporcle, you need to verify the email address you used during registration. Go to your Sporcle Settings to finish the process.

Report this User

Report this user for behavior that violates our Community Guidelines.

Details: